| 000 | nam a22 7a 4500 | ||
|---|---|---|---|
| 999 |
_c139092 _d139090 |
||
| 005 | 20180312113218.0 | ||
| 008 | 180312b mx ||||| |||| 00| 0 spa d | ||
| 050 | 0 | 4 |
_aHD7262 _bS44 1975 |
| 240 | 1 |
_aIndustrila safety. _lEspañol |
|
| 245 | 0 | 0 |
_aSEguridad industrial _b: control de enfermedades ocupacionales, agentes químicos, energías, forma consultiva de proceder. |
| 250 | _a2a ed. | ||
| 260 |
_aMéxico : _bHerrero Hermanos, _cc1975 |
||
| 300 |
_a143 p. : _bil., _c20 cm. |
||
| 490 | 0 |
_aManual de adiestramient ; _vno 80 |
|
| 650 | 7 |
_2lemb _aSeguridad industrial |
|
| 942 |
_2lcc _cLIB |
||